000
00303nam a22001457a 4500
008
230414b ||||| |||| 00| 0 eng d
020
_a
9780547247939
041
_a
eng
080
_a
33
082
_a
33BAK
100
_a
23
101
_a
BIZNES
245
_a
THE NUMERATI
_c
BAKER.S
942
_2
udc
_c
BK
999
_c
59536
_d
59536